00710nam a2200229Ia 4500008004000000020001800040041000800058082001500066100002400081245004400105260003800149300001300187650001200200650001200212650001400224650000700238650001500245690001900260906001100279999001900290952017100309210210b2011 xxu||||| |||| 00| 0 eng d a9788125040880 aeng a821.4 NAYE aNAYAR (Pramod K) Ed aEnglish poetry, 1660-1780: an anthology aHyderabadbOrient BlackSwanc2011 aviii,416 apoetry, aEnglish aanthology aan a1660-1780: aEnglish Poetry a068495 c152696d152696 001040708EnglishaALbALcEnglish Literatured2021-02-17eBiblios, Bunts Hostel Road, Mangaloreg210.00l0o821.4 NAYEp068495r2021-02-17 00:00:00w2021-02-17yBK